| Tag |
First Indicator |
Second Indicator |
Subfields |
| LEADER |
00000cam a2200000 i 4500 |
| 001 |
in00005465613 |
| 008 |
230802s2023 gw a 000 0 eng d |
| 005 |
20250318222411.3 |
| 019 |
|
|
|a 1345221871
|a 1411604484
|
| 020 |
|
|
|a 9783791389264
|
| 020 |
|
|
|a 3791389262
|q hardback
|
| 024 |
3 |
|
|a 9783791389264
|
| 035 |
|
|
|a (OCoLC)on1400099387
|
| 035 |
|
|
|a (OCoLC)1400099387
|z (OCoLC)1345221871
|z (OCoLC)1411604484
|
| 040 |
|
|
|a UKMGB
|b eng
|e rda
|c UKMGB
|d TOH
|d MYA
|d YDX
|d BDX
|d OCLCF
|d OCLCO
|d MNN
|d OHX
|d OTC
|d OCLCO
|d YDX
|
| 050 |
|
4 |
|a TR655
|b .C37 2023
|
| 072 |
|
7 |
|a TR
|2 lcco
|
| 082 |
0 |
4 |
|a 779.2092
|2 23
|
| 100 |
1 |
|
|a Carter, Micaiah,
|d 1995-
|e photographer.
|
| 245 |
1 |
0 |
|a Micaiah Carter :
|b what's my name /
|c [photographs by] Micaiah Carter ; Sarah Hasted, editor ; [foreword by Tracee Ellis Ross].
|
| 246 |
3 |
|
|a What's my name
|
| 246 |
3 |
|
|a What is my name
|
| 264 |
|
1 |
|a Munich ;
|a London ;
|a New York :
|b Prestel,
|c [2023]
|
| 300 |
|
|
|a 229 pages :
|b chiefly illustrations (chiefly color) ;
|c 31 cm
|
| 336 |
|
|
|a text
|b txt
|2 rdacontent
|
| 336 |
|
|
|a still image
|b sti
|2 rdacontent
|
| 337 |
|
|
|a unmediated
|b n
|2 rdamedia
|
| 338 |
|
|
|a volume
|b nc
|2 rdacarrier
|
| 520 |
|
|
|a "Over the past decade Micaiah Carter has established himself as one of the most exciting and admired young photographers working in the field of portraiture and fashion. With a vision all his own, Carter's images are preternaturally sophisticated. His lighting is intentional but not attention-seeking, and his subjects always seem fully themselves, whether he's photographing a celebrity, a musician, or a family member. Micaiah's portraits are sincere, dignified representations of the sitters while staying true to his distinctive aesthetic. His stylized ideas and assiduous attention to color and light have culminated in a body of work that feels timeless and pertinent at the same time."--
|c Publisher's website (viewed October 10, 2023).
|
| 600 |
1 |
0 |
|a Carter, Micaiah,
|d 1995-
|v Catalogs.
|
| 650 |
|
0 |
|a Photography, Artistic.
|
| 650 |
|
0 |
|a Portrait photography.
|
| 650 |
|
0 |
|a Fashion photography.
|
| 650 |
|
0 |
|a Black people
|v Pictorial works.
|
| 650 |
|
0 |
|a Celebrities
|v Pictorial works.
|
| 650 |
|
0 |
|a Black people in mass media.
|
| 650 |
|
6 |
|a Photographie artistique.
|
| 650 |
|
6 |
|a Portraits (Photographie)
|
| 650 |
|
6 |
|a Photographie de mode.
|
| 650 |
|
6 |
|a Personnes noires
|v Ouvrages illustrés.
|
| 650 |
|
6 |
|a Célébrités
|v Ouvrages illustrés.
|
| 650 |
|
6 |
|a Personnes noires dans les médias.
|
| 650 |
|
7 |
|a art photography.
|2 aat
|
| 650 |
|
7 |
|a fashion photography.
|2 aat
|
| 650 |
|
7 |
|a Black people
|2 fast
|
| 650 |
|
7 |
|a Black people in mass media
|2 fast
|
| 650 |
|
7 |
|a Celebrities
|2 fast
|
| 650 |
|
7 |
|a Fashion photography
|2 fast
|
| 650 |
|
7 |
|a Photography, Artistic
|2 fast
|
| 650 |
|
7 |
|a Portrait photography
|2 fast
|
| 655 |
|
7 |
|a photobooks.
|2 aat
|
| 655 |
|
7 |
|a Catalogs
|2 fast
|
| 655 |
|
7 |
|a Pictorial works
|2 fast
|
| 655 |
|
7 |
|a Photobooks.
|2 lcgft
|
| 655 |
|
7 |
|a Illustrated works.
|2 lcgft
|
| 655 |
|
7 |
|a Livres de photographies.
|2 rvmgf
|
| 655 |
|
7 |
|a Ouvrages illustrés.
|2 rvmgf
|
| 700 |
1 |
|
|a Carter, Micaiah,
|d 1995-
|t Works.
|k Selections.
|
| 700 |
1 |
|
|a Hasted, Sarah,
|e editor.
|
| 700 |
1 |
|
|a Ross, Tracee Ellis,
|d 1972-
|e writer of foreword.
|
| 852 |
8 |
|
|b pda,print
|z This title is available for the library to purchase for your use. Click the "Purchase It For Me" button to place a request. This item may take 5-10 business days to arrive.
|
| 955 |
|
|
|a Print PDA title
|
| 961 |
|
|
|m 565730
|
| 999 |
f |
f |
|s 0bd5584f-5e71-420e-b0b1-62813ad7caf9
|i dbd1642e-5868-4309-866d-15089f4acc6f
|t 0
|
| 952 |
f |
f |
|a Texas A&M University
|b College Station
|c Sterling C. Evans Library
|d Purchase on Demand
|t 0
|e TR655 .C37 2023
|h Library of Congress classification
|
| 998 |
f |
f |
|a TR655 .C37 2023
|t 0
|l Purchase on Demand
|